| 000 | 00806cam a22002533a 4500 | ||
|---|---|---|---|
| 001 | 20223 | ||
| 003 | PGUSA | ||
| 005 | 20140828083428.0 | ||
| 008 | 061230s2006||||xxu|||||s|||||000 1 eng d | ||
| 040 |
_aPGUSA _beng |
||
| 042 | _adc | ||
| 050 | 4 | _aPZ | |
| 100 | 1 |
_aEllis, Edward Sylvester, _d1840-1916 |
|
| 245 | 1 | 0 |
_aTwo Boys in Wyoming : _bA Tale of Adventure : (Northwest Series, No. 3) _h[electronic resource] / _cEdward Sylvester Ellis |
| 260 |
_bProject Gutenberg, _c2006 |
||
| 506 | _aPublic domain in the USA. | ||
| 516 | _aElectronic text | ||
| 653 | _aWyoming -- Juvenile fiction | ||
| 653 | _aFrontier and pioneer life -- Wyoming -- Juvenile fiction | ||
| 653 | _aWestern stories | ||
| 830 | 0 |
_aProject Gutenberg _v20223 |
|
| 856 | 4 | 0 | _uhttp://www.gutenberg.org/ebooks/20223 |
| 942 | _cEB | ||
| 999 |
_c249478 _d249478 |
||